000 01966nam a22002417a 4500
003 BJBSDDR
005 20260430105742.0
007 ta
008 260430s2025 nyu||||| |||| 00| 0 eng d
020 _a9780593472552
020 _a0593472551
040 _bspa
_cBJBSDDR
041 _aeng
050 _bM251l 2025
100 1 _aMalkoff, Mark
_948219
245 1 0 _aLove Johnny Carson:
_bOne Obsessive Fan's Journey to Find the Genius Behind the Legend /
_cMark Malkoff, David Ritz
260 _aNew York:
_bDutton,
_c2025
300 _aix, 453 pages :
_billustrations ;
_c23 cm
520 _aOver the course of his thirty-year career hosting The Tonight Show, Johnny Carson appeared on some 4,500 broadcasts, interviewed over 25,000 guests, and solidified himself as a warm, witty, comforting presence to US audiences during turbulent times. Carson aficionado Mark Malkoff has amassed more Carson stories from original sources than anyone in entertainment history, speaking to over four hundred individuals, and now, in Love Johnny Carson, he sets the record straight in this comprehensive portrait of Carson's life, career, legacy, and character. Read about the debuts of stand-up comics like David Letterman and Ellen DeGeneres, the never-before-detailed reasons why Johnny stopped talking to Joan Rivers, why he banned guests like William Shatner and Orson Welles, the true origins of Carnac the Magnificent (it wasn’t stolen from Steve Allen), the part Johnny played in getting Nixon elected president, the beloved comedian who the Carson writers dreaded guest-hosting, and many other behind-the-scenes stories of the funniest and most beloved Carson moments of all time. In the end, Malkoff's book serves not only as a biography but also as a love letter; a love letter to show business, to personalities, and to the singular show-business legend of Johnny Carson
700 1 _a Ritz, David
_948220
942 _2lcc
_n0
_cBK
946 _icmc
999 _c126965
_d126965